Internet, l'eina inevitable : periodistes, mitjans i missatges en la xarxa / Virginia Luzón Fernández periodistes, mitjans i missatges en la xarxa / Virginia Luzón Fernández
ISBN:
84-930384-9-0
Descripción Física:
91 p. ; 24 cm
Colección:
Ones i bits ; 4
MARC
| LEADER | 00000nam a2200000Ia 4500 | ||
|---|---|---|---|
| 001 | 16730 | ||
| 008 | 160829s9999 xx 000 0 cat d | ||
| 020 | |a 84-930384-9-0 | ||
| 080 | |a O-1-130 | ||
| 100 | |a Luzón Fernández, Virginia |9 24488 | ||
| 245 | |a Internet, l'eina inevitable : |b periodistes, mitjans i missatges en la xarxa / Virginia Luzón Fernández | ||
| 260 | |a Barcelona : |b Diputació de Barcelona : |b Col·legi de Periodistes de Catalunya, DL 2003 | ||
| 300 | |a 91 p. ; |c 24 cm | ||
| 490 | |a Ones i bits ; 4 | ||
| 590 | |a Bibliografia | ||
| 650 | |a Internet i comunicació |9 24149 | ||
| 650 | |a Periodisme electrònic |9 23316 | ||
| 710 | 2 | |a Col·legi de Periodistes de Catalunya |9 52967 | |
| 710 | 1 | |a Barcelona (Catalunya : Província). |b Diputació |9 52408 | |
| 901 | |a Arxiu | ||
| 942 | |n 1 | ||
| 952 | |0 0 |1 0 |4 0 |6 O1130 |7 1 |9 43179 |a Arxiu |b Arxiu |d 2016-12-01 |l 0 |o O-1-130 |p 16730 |r 2016-12-01 00:00:00 |w 2016-12-01 |y ARXIU | ||
| 999 | |c 45723 |d 45723 | ||